000
00299nam a2200121Ia 4500
008
191201s2007 xx 000 0 und d
100
_a
UPADHYAYA,JC
245
0
_a
Classical mechanics
260
_a
N. delhi
_b
Himala Publication House
_c
2007
300
_a
480
650
_a
Applied
942
_2
ddc
_c
BK
_0
1
999
_c
6629
_d
6629